Pedagogické vzdelávanie učiteľov na vysokej škole

Salvato in:
Dettagli Bibliografici
Autore principale: Šlosár, Rudolf
Ente Autore: Ekonomická univerzita v Bratislave. Národohospodárska fakulta
Altri autori: Kačániová, Jarmila, Kontšek, Ján, Kompoltová, Soňa
Natura: Libro
Lingua:slovacco
Pubblicazione: Bratislava Vydavateľstvo EKONÓM 1999
Soggetti:
Tags: Aggiungi Tag
Nessun Tag, puoi essere il primo ad aggiungerne!!

MARC

LEADER 00000nam a2200000 4500
001 c108408
005 20221123133247.3
020 |a 80-225-1070-X 
041 0 |a slo 
044 |a SK 
245 1 0 |a Pedagogické vzdelávanie učiteľov na vysokej škole  |c Rudolf Šlosár a kolektív 
264 1 |a Bratislava  |b Vydavateľstvo EKONÓM  |c 1999 
300 |a 233 s. 
610 2 0 |a vzdelávanie 
610 2 0 |a pedagogika 
610 2 0 |a učitelia 
610 2 0 |a školy vysoké 
610 2 0 |a vzdelanie vysokoškolské 
610 2 0 |a vzdelávanie ďalšie 
610 2 0 |a výchova 
610 2 0 |a ekonómia 
610 2 0 |a osobnosť 
610 2 0 |a psychológia 
610 2 0 |a študenti 
610 2 0 |a štúdium vysokoškolské 
610 2 0 |a komunikácia 
610 2 0 |a vyučovanie 
610 2 0 |a formy organizačné 
610 2 0 |a vedomosti 
610 2 0 |a skúšky schopnosti 
610 2 0 |a prostriedky audiovizuálne 
610 2 0 |a technika didaktická 
610 2 0 |a technika výpočtová 
100 1 |a Šlosár, Rudolf 
700 1 |a Kačániová, Jarmila 
700 1 |a Kontšek, Ján 
700 1 |a Kompoltová, Soňa 
710 2 |a Ekonomická univerzita v Bratislave. Národohospodárska fakulta